[Event "Trapani Province-ch"]
[Site "Erice"]
[Date "2012.01.15"]
[Round "2"]
[White "Maggio, Filippo"]
[Black "Krumbiegel, Michael"]
[Result "0-1"]
[WhiteElo "1347"]
[BlackElo "1491"]
[PlyCount "64"]
[EventDate "2012.01.15"]
[EventType "swiss"]
[EventRounds "6"]
[EventCountry "ITA"]
[SourceTitle "EXT 2024"]
[Source "ChessBase"]
[SourceDate "2023.10.10"]
[SourceVersion "1"]
[SourceVersionDate "2023.10.10"]
[SourceQuality "1"]

1. d4 d5 2. c4 Bf5 3. e3 e6 4. Bd2 Nf6 5. Nf3 Be7 6. Nc3 0-0 7. g3 Re8 8. b3 Bb4 9. Bg2 Bxc3 10. Bxc3 Bg4 11. 0-0 Ne4 12. Qd3 Bf5 13. Qd1 Nxc3 14. Qd2 Ne4 15. Qb4 b6 16. c5 Nc6 17. Rac1 Nxb4 18. Ne5 Nxa2 19. Ra1 Nec3 20. Rfe1 f6 21. Nc6 Qd7 22. e4 dxe4 23. f3 Qxc6 24. fxe4 Qd7 25. exf5 Rad8 26. fxe6 Rxe6 27. c6 Qxd4+ 28. Kf1 Rxe1+ 29. Rxe1 Qd3+ 30. Kg1 Ne2+ 31. Kf1 Nxg3+ 32. Kg1 Qd4+ 0-1

[Event "Trapani Province-ch"]
[Site "Erice"]
[Date "2012.01.15"]
[Round "1"]
[White "Mancuso, Fabrizio"]
[Black "Maggio, Filippo"]
[Result "1-0"]
[WhiteElo "1636"]
[BlackElo "1347"]
[PlyCount "27"]
[EventDate "2012.01.15"]
[EventType "swiss"]
[EventRounds "6"]
[EventCountry "ITA"]
[SourceTitle "EXT 2024"]
[Source "ChessBase"]
[SourceDate "2023.10.10"]
[SourceVersion "1"]
[SourceVersionDate "2023.10.10"]
[SourceQuality "1"]

1. e4 e5 2. Nf3 Nc6 3. Bc4 Nf6 4. d4 exd4 5. Nxd4 Bc5 6. Nxc6 bxc6 7. Nc3 Qe7 8. 0-0 Nxe4 9. Nxe4 Qxe4 10. Re1 Qxe1+ 11. Qxe1+ Kd8 12. Bxf7 Rf8 13. Bg5+ Be7 14. Qxe7# 1-0